| 000 | 01083 a2200289 4500 | ||
|---|---|---|---|
| 005 | 20140903175132.0 | ||
| 008 | 140723s2014 ck d | |||| 00| 0 spa d | ||
| 020 | _a9789585796393 | ||
| 040 |
_aCO-BoUCM _cJose A. Gerena _dJose A. Gerena |
||
| 041 | 0 | _aspa | |
| 100 | 1 |
_aJunguito, Roberto _92022 |
|
| 245 |
_aDesarrollo de la agricultura colombiana _cRoberto Junguito, Juan José Perfetti, Alejandro Becerra |
||
| 260 |
_c2014 _bFedesarrollo _aBogotá (Colombia) |
||
| 300 |
_a70 páginas _bcuadros, gráficas |
||
| 490 |
_aCuadernos Fedesarrollo _v48 |
||
| 650 | 7 |
_98719 _aAgricultura _xAsistencia social _zColombia |
|
| 650 | 7 |
_aAgricultura _xAspectos económicos _zColombia _952063 |
|
| 650 | 7 |
_aAgricultura _zColombia _928639 |
|
| 650 | 7 |
_aGastos públicos _zColombia _916283 |
|
| 651 | 4 |
_aColombia _xCondiciones rurales _932091 |
|
| 690 |
_942739 _aAgricultura |
||
| 700 | 1 |
_aBecerra, Alejandro _963952 |
|
| 700 | 1 |
_aPerfeti, Juan José _963951 |
|
| 710 | 2 |
_aFedesarrollo _963953 |
|
| 942 |
_a7 _cLIBRO _e1 _mJ865 _2DEWEY _h338.18861 |
||
| 999 |
_c273985 _d273985 |
||